Las minas de Huancavelica en los siglos XVI y XVII. (Record no. 104487)
[ view plain ]
| 000 -LEADER | |
|---|---|
| campo de control de longitud fija | 01204cam a22002891 4500 |
| 001 - NÚMERO DE CONTROL | |
| campo de control | 33199 |
| 005 - FECHA Y HORA DE LA ÚLTIMA TRANSACCIÓN | |
| campo de control | 20230411085612.0 |
| 008 - DATOS DE LONGITUD FIJA--INFORMACIÓN GENERAL | |
| campo de control de longitud fija | 740812s1949 sp 001 0 spa |
| 035 ## - NÚMERO DE CONTROL DEL SISTEMA | |
| -- | (DLC) 50036789 |
| 035 ## - NÚMERO DE CONTROL DEL SISTEMA | |
| Número de control de sistema | 7428865 |
| 010 ## - NÚMERO DE CONTROL DE LA BIBLIOTECA DEL CONGRESO | |
| Número de control de LC | 50036789 |
| 035 ## - NÚMERO DE CONTROL DEL SISTEMA | |
| Número de control de sistema | (OCoLC)975962 |
| 040 ## - FUENTE DE CATALOGACIÓN | |
| Centro catalogador/agencia de origen | DLC |
| Centro/agencia transcriptor | OU |
| Centro/agencia modificador | TNJ |
| -- | DLC |
| 050 14 - SIGNATURA TOPOGRÁFICA DE LA BIBLIOTECA DEL CONGRESO | |
| Número de clasificación | TN 790 |
| Número de ítem | L833m 1949 |
| 100 2# - ENTRADA PRINCIPAL--NOMBRE DE PERSONA | |
| Nombre de persona | Lohmann Villena, Guillermo. |
| 245 14 - MENCIÓN DEL TÍTULO | |
| Título | Las minas de Huancavelica en los siglos XVI y XVII. |
| 260 ## - PUBLICACIÓN, DISTRIBUCIÓN, ETC. | |
| Lugar de publicación, distribución, etc. | Sevilla |
| Nombre del editor, distribuidor, etc. | [Impr. de la Escuela de Estudios Hispano-Americanos] |
| Fecha de publicación, distribución, etc. | 1949. |
| 300 ## - DESCRIPCIÓN FÍSICA | |
| Extensión | xiv, 465 p. |
| Otras características físicas | illus. (part fold.) |
| Dimensiones | 23 cm. |
| 490 1# - MENCIÓN DE SERIE | |
| Mención de serie | Publicaciones de la Escuela de Estudios Hispano-Americanos de Sevilla, |
| Designación de volumen o secuencia | 50 (no. general). Serie 2, No. 14 |
| 504 ## - NOTA DE BIBLIOGRAFÍA, ETC. | |
| Nota de bibliografía, etc. | Includes bibliographical references. |
| 650 #0 - PUNTO DE ACCESO ADICIONAL DE MATERIA--TÉRMINO DE MATERIA | |
| Término de materia o nombre geográfico como elemento de entrada | Mercury mines and mining |
| Subdivisión geográfica | Peru |
| -- | Huancavelica |
| Subdivisión general | History |
| Subdivisión cronológica | 16th century. |
| 650 #0 - PUNTO DE ACCESO ADICIONAL DE MATERIA--TÉRMINO DE MATERIA | |
| Término de materia o nombre geográfico como elemento de entrada | Mercury mines and mining |
| Subdivisión geográfica | Peru |
| -- | Huancavelica |
| Subdivisión general | History |
| Subdivisión cronológica | 17th century. |
| 830 #0 - PUNTO DE ACCESO ADICIONAL DE SERIE-TÍTULO UNIFORME | |
| Título uniforme | Publicaciones de la Escuela de Estudios-Hispanoamericanos de Sevilla ; |
| Designación de volumen o secuencia | 50 |
| 830 #0 - PUNTO DE ACCESO ADICIONAL DE SERIE-TÍTULO UNIFORME | |
| Título uniforme | Publicaciones de la Escuela de Estudios-Hispanoamericanos de Sevilla. |
| Número de parte o sección de la obra | Serie 2a., |
| Nombre de parte o sección de la obra | Monografias ; |
| Designación de volumen o secuencia | 14. |
| 942 ## - ELEMENTOS DE ENTRADA SECUNDARIOS (KOHA) | |
| Fuente del sistema de clasificación o colocación | Clasificación de Library of Congress |
| Tipo de ítem Koha | |
| 985 ## - | |
| -- | OCLC REPLACEMENT |
| Estatus retirado | Estado de pérdida | Fuente del sistema de clasificación o colocación | Estado de daño | No para préstamo | Colección | Biblioteca de origen | Biblioteca actual | Ubicación en estantería | Fecha de adquisición | Signatura topográfica completa | Código de barras | Visto por última vez | Copia número | Tipo de ítem Koha |
|---|---|---|---|---|---|---|---|---|---|---|---|---|---|---|
| Clasificación de Library of Congress | Colección de Tecnología | Biblioteca Juan Bosch | Biblioteca Juan Bosch | Humanidades (4to. Piso) | 11/04/2023 | TN 790 L833m 1949 | 00000033308 | 21/01/2019 | 1 |
